Wszystkie piosenki - Kali - Statystyki

Ogólne statystyki
  • Ten quiz został rozwiązany 120 razy
  • Średni wynik to 72 z 235
Statystyki odpowiedzi
Hint Odpowiedź % Poprawnych
V8T (z Flawless) 30 kmh
70%
V8T (z Flawless) Piraci
70%
K4LION ATLANTYDA
68%
Chudy chłopak (z Magiera) Chudy chłopak
68%
Gdy zgaśnie Słońce Gdy zgaśnie słońce
66%
HUCPA (z Major SPZ) HUCPA
66%
V8T (z Flawless) Opary (feat. Paluch)
62%
Wiesz co się kruszy (z Ganja Mafia & Kacper HTA) Pole Marysi
62%
Sentymentalnie (z Gibbs) Sentymentalnie
62%
K4LION K4LION
60%
50/50 Kali Kali
57%
HUCPA (z Major SPZ) Mona Lisa
57%
K4LION NA BLOKACH
57%
K4LION ZIELE
57%
50/50 Kali Kali - Remix
55%
V8T (z Flawless) KGM
55%
Krime Story Mów mu Krime
55%
Krime Story Na dzielni
55%
HUCPA (z Major SPZ) Puk! Puk!
55%
Chudy chłopak (z Magiera) My
53%
Chakra (z Pawbeats) Pacyfka
53%
HUCPA (z Major SPZ) SI
53%
Wiesz co się kruszy (z Ganja Mafia & Kacper HTA) Wiesz co się kruszy
53%
Chudy chłopak (z Magiera) Blok D
51%
HUCPA (z Major SPZ) California (feat. PlanBe)
51%
Droga koguta (z Flawless) Droga koguta (Outsider)
51%
Chudy chłopak (z Magiera) Hamlet
51%
Droga koguta (z Flawless) Katana
51%
K4LION POLANDO FAVELA
51%
Wiesz co się kręci (z Ganja Mafia & Kacper HTA) Wiesz co się kręci
51%
Chudy chłopak (z Magiera) Firma
49%
Krime Story Latawica
49%
Krime Story Lolita
49%
Chudy chłopak (z Magiera) Lost Tape
49%
50/50 Pełnia
49%
50/50 Pełnia - Remix
49%
Wiesz co się kręci (z Ganja Mafia & Kacper HTA) Wiesz co się kręci - Intro
49%
Droga koguta (z Flawless) Chinatown (feat. Paluch & Żabson)
47%
Krime Story Krime story prolog
47%
Chudy chłopak (z Magiera) Mary Jane (feat. Włodi)
47%
Chakra (z Pawbeats) Muza
47%
Wiesz co się kruszy (z Ganja Mafia & Kacper HTA) Prawdziwi palacze
47%
HUCPA (z Major SPZ) Yakuza
47%
Droga koguta (z Flawless) Yakuza (feat. Major SPZ)
47%
Chakra (z Pawbeats) Zwierciadło
47%
Chudy chłopak (z Magiera) Front
45%
Sentymentalnie (z Gibbs) | V8T (z Flawless) Intro
45%
Sentymentalnie (z Gibbs) Panta rhei
45%
Krime Story Penga
45%
Krime Story Promienie
45%
Gdy zgaśnie Słońce Tu gdzie żyjemy
45%
Gdy zgaśnie Słońce Azymut
43%
Wiesz co się kruszy (z Ganja Mafia & Kacper HTA) Intro - Papa (Skit)
43%
V8T (z Flawless) Navi
43%
K4LION NIC NIE MÓW
43%
HUCPA (z Major SPZ) 6 6 6 (feat. Kabe & Żabson)
40%
Sentymentalnie (z Gibbs) H.E.R.O
40%
Wiesz co się kręci (z Ganja Mafia & Kacper HTA) Lemon Haze
40%
Milion dróg do śmierci (z Paluch) Milion Dróg do Śmierci
40%
Gdy zgaśnie Słońce Piekna i bestia
40%
Sentymentalnie (z Gibbs) Piękny ból
40%
HUCPA (z Major SPZ) Wstawaj
40%
HUCPA (z Major SPZ) Fuck System (feat. Sarius & Kamelito & Intruz & Dawid Obserwator & Dedis)
38%
Gdy zgaśnie Słońce Haj
38%
Sentymentalnie (z Gibbs) Nigdy nie zapomnę
38%
Droga koguta (z Flawless) Opium (feat. Gedz & Lipa)
38%
50/50 Potrzeba nieba
38%
Chudy chłopak (z Magiera) Poza światem (feat. O.S.T.R.)
38%
Droga koguta (z Flawless) Sake
38%
Milion dróg do śmierci (z Paluch) Było minęło
36%
V8T (z Flawless) Całuj fingiel
36%
Sentymentalnie (z Gibbs) C.O.M.A
36%
Wiesz co się kruszy (z Ganja Mafia & Kacper HTA) Dobre geesy
36%
Krime Story King Kong
36%
Chakra (z Pawbeats) Korzenie
36%
Krime Story Kwaśny wypad
36%
50/50 Lajla Lajla (feat. Sobota & Siwy Dym)
36%
50/50 Lajla Lajla - Remix (feat. Sobota & Siwy Dym)
36%
HUCPA (z Major SPZ) Nad ranem
36%
Gdy zgaśnie Słońce Pauza
36%
Krime Story Póki śmierć nas nie rozłączy (Upadek)
36%
Gdy zgaśnie Słońce Wspólny lot
36%
50/50 Zenit (feat. Wuzet)
36%
Wiesz co się kręci (z Ganja Mafia & Kacper HTA) Band The Rolla
34%
50/50 Było minęło (feat. Paluch)
34%
V8T (z Flawless) Chrom
34%
50/50 E7
34%
Sentymentalnie (z Gibbs) Gdybym nie zdążył
34%
Sentymentalnie (z Gibbs) Gdzie jesteś?
34%
V8T (z Flawless) Gdziekolwiek
34%
50/50 Jeden buch
34%
Gdy zgaśnie Słońce Koń trojański
34%
Droga koguta (z Flawless) Kukuryku
34%
Milion dróg do śmierci (z Paluch) | Sentymentalnie (z Gibbs) Outro
34%
V8T (z Flawless) After
32%
Sentymentalnie (z Gibbs) Do 3 x sztuka
32%
Krime Story Licho nie śpi
32%
K4LION NA ZAWSZE
32%
Wiesz co się kruszy (z Ganja Mafia & Kacper HTA) Outro - Wiesz co się kruszy
32%
V8T (z Flawless) Pit-stop
32%
V8T (z Flawless) Rotor
32%
Wiesz co się kręci (z Ganja Mafia & Kacper HTA) Tam gdzie
32%
Gdy zgaśnie Słońce Wybij się
32%
50/50 Zdrajca
32%
K4LION ZWIĘDŁE KWIATY
32%
V8T (z Flawless) Ambiente
30%
V8T (z Flawless) Czarny punkt
30%
Gdy zgaśnie Słońce Czego chcę
30%
Sentymentalnie (z Gibbs) Duchowa willa (feat. Ganja Mafia)
30%
50/50 Jasność - Intro
30%
50/50 Jasność - Outro
30%
K4LION MIĘDZY NAMI
30%
50/50 Może (feat. Aicha&Asteya)
30%
50/50 Może - Remix (feat. Aicha&Asteya)
30%
Krime Story Na dnie
30%
Gdy zgaśnie Słońce Nie tylko Ty
30%
Droga koguta (z Flawless) Okinawa
30%
Sentymentalnie (z Gibbs) Pełna szkatułka (feat. Paluch)
30%
Droga koguta (z Flawless) Sakura
30%
Milion dróg do śmierci (z Paluch) Syntetyczna Ganja Mafia
30%
V8T (z Flawless) Żyć nie umierać
30%
50/50 Abolicja (feat. Egon)
28%
Sentymentalnie (z Gibbs) Alien
28%
Chudy chłopak (z Magiera) Atari (feat. Hades)
28%
50/50 Ciemność - Intro
28%
50/50 Ciemność - Outro
28%
Wiesz co się kruszy (z Ganja Mafia & Kacper HTA) Fake MC
28%
Wiesz co się kruszy (z Ganja Mafia & Kacper HTA) Fake MC - Skit
28%
K4LION JESZCZE NIE CZAS
28%
50/50 Kimś jestem kto
28%
Chudy chłopak (z Magiera) Lost Boyz
28%
Wiesz co się kruszy (z Ganja Mafia & Kacper HTA) Śledzimy sny
28%
Chudy chłopak (z Magiera) Stary dom (feat. Bob One)
28%
Milion dróg do śmierci (z Paluch) Whiskey haze
28%
Wiesz co się kruszy (z Ganja Mafia & Kacper HTA) Wirus
28%
50/50 Acapella
26%
Wiesz co się kruszy (z Ganja Mafia & Kacper HTA) Co ci śmierdzi
26%
Wiesz co się kruszy (z Ganja Mafia & Kacper HTA) Love Haze
26%
Wiesz co się kruszy (z Ganja Mafia & Kacper HTA) Love Haze - Skit
26%
50/50 Mamy czas
26%
Sentymentalnie (z Gibbs) Piękne chwile (feat. Lukasyno)
26%
Chakra (z Pawbeats) Portal
26%
Krime Story Przeznaczenie
26%
Krime Story Szczur we mgle
26%
Droga koguta (z Flawless) Wutang (feat. Pezet & Sokół)
26%
Krime Story Zwierzę
26%
Gdy zgaśnie Słońce Żyję zamiast polec
26%
Wiesz co się kruszy (z Ganja Mafia & Kacper HTA) Bujam się z tym
23%
HUCPA (z Major SPZ) Echo (feat. Malik Montana & Josef)
23%
HUCPA (z Major SPZ) Empata
23%
Chudy chłopak (z Magiera) Freestyle (feat. Borixon & Wojtas)
23%
Gdy zgaśnie Słońce Nox Outro
23%
50/50 Pół na pół
23%
Chakra (z Pawbeats) Tchnienie
23%
50/50 Ten sam bruk (feat. Nizioł & Beenie G)
23%
Wiesz co się kręci (z Ganja Mafia & Kacper HTA) TGV
23%
Gdy zgaśnie Słońce Ucieczka do raju
23%
Gdy zgaśnie Słońce Żegnaj
23%
Sentymentalnie (z Gibbs) Zgniłe myśli
23%
50/50 N22
21%
Gdy zgaśnie Słońce Nox Intro
21%
50/50 Parę lat palę (feat. Papaj & Sabot & Gruber)
21%
50/50 Psss jadą
21%
Droga koguta (z Flawless) Sado (feat. Sarius)
21%
50/50 Skończ pier***** - Remix (feat. Hds & TPS)
21%
K4LION SMUTNE MELODIE
21%
50/50 Ta kobieta (feat. Mikael)
21%
50/50 Zrozumiałem
21%
Milion dróg do śmierci (z Paluch) Droga do piekła (feat. Kacper)
19%
50/50 Gaz na ulicach (feat. Miraho)
19%
50/50 Gdzie się podziało (feat. Kala)
19%
K4LION JAK BOSS
19%
50/50 Karaluch
19%
Milion dróg do śmierci (z Paluch) Nie musisz nic
19%
Milion dróg do śmierci (z Paluch) Nieśmiertelni
19%
Milion dróg do śmierci (z Paluch) Słyszałem o...
19%
Chudy chłopak (z Magiera) Unplugged (feat. Miodu)
19%
K4LION WYJ3BAN3
19%
50/50 Zły porucznik (feat. Dobo & Nizioł & Lukasyno)
19%
Krime Story Żywy czy martwy
19%
Infinity 81 (z Flawless) 99
17%
Chakra (z Pawbeats) Anahata
17%
Milion dróg do śmierci (z Paluch) D.N.A miasta
17%
Wiesz co się kręci (z Ganja Mafia & Kacper HTA) Gry babilonu
17%
Chakra (z Pawbeats) Manipura
17%
50/50 Nie chcę (feat. Felipe & GMB & Ruby)
17%
50/50 Przyszło-poszło
17%
50/50 Radykalnie (feat. Peja)
17%
50/50 Sync
17%
K4LION ZŁA ENERGIA
17%
Chakra (z Pawbeats) Absolut
15%
Milion dróg do śmierci (z Paluch) Droga do raju
15%
Milion dróg do śmierci (z Paluch) Hip-hop 4 ever
15%
Wiesz co się kręci (z Ganja Mafia & Kacper HTA) Kręć tym
15%
Wiesz co się kręci (z Ganja Mafia & Kacper HTA) Puzzle (feat. JWP)
15%
50/50 Remedium
15%
50/50 Trucizna
15%
Wiesz co się kręci (z Ganja Mafia & Kacper HTA) Godnie żyć
13%
Wiesz co się kręci (z Ganja Mafia & Kacper HTA) Nic do skręcenia
13%
50/50 Nie daj sobie wmówić (feat. Miku & Mara)
13%
Milion dróg do śmierci (z Paluch) Nie zmusisz mnie (feat. Onek87)
13%
50/50 Równowaga (feat. Monilove)
13%
Milion dróg do śmierci (z Paluch) Spokój
13%
50/50 To nie takie proste (feat. Dixon 37)
13%
50/50 Wolne słowa
13%
Chakra (z Pawbeats) Ajna
11%
Krime Story Gdy będzie za późno
11%
Milion dróg do śmierci (z Paluch) Nic nie trwa wiecznie
11%
Infinity 81 (z Flawless) PRL Skit
11%
Wiesz co się kruszy (z Ganja Mafia & Kacper HTA) Słaby skun - Skit
11%
50/50 Smak ryzyka (feat. Murzyn & Oscar)
11%
50/50 Zakaz wstępu (feat. Dawidzior & Mara & Oscar & Miku & Kacper HTA & Ruby)
11%
Infinity 81 (z Flawless) 91
9%
Infinity 81 (z Flawless) Delusional To Mass (feat. Nicole)
9%
Wiesz co się kręci (z Ganja Mafia & Kacper HTA) Ganj chce
9%
Wiesz co się kręci (z Ganja Mafia & Kacper HTA) Kocham siebie
9%
Chakra (z Pawbeats) Muladhara
9%
Chakra (z Pawbeats) Sahasrara
9%
Infinity 81 (z Flawless) God Damn It
6%
Infinity 81 (z Flawless) Happy New Fear
6%
Wiesz co się kręci (z Ganja Mafia & Kacper HTA) NNPGM - Skit (feat. Gibbs)
6%
50/50 Skończ pierd*** (feat. Hds & TPS)
6%
Wiesz co się kręci (z Ganja Mafia & Kacper HTA) Wiesz co się kurzy - Outro
6%
Infinity 81 (z Flawless) Awake
4%
Infinity 81 (z Flawless) God is Good
4%
Chakra (z Pawbeats) Svadhisthana
4%
Chakra (z Pawbeats) Vishuddha
4%
Infinity 81 (z Flawless) Between Worlds
2%
Infinity 81 (z Flawless) Eyes Wide Shut
2%
Milion dróg do śmierci (z Paluch) Mam nadzieję
0%
50/50 Nie mów mi jak (feat. Kacper HTA)
0%
Infinity 81 (z Flawless) Tribute To Infinity
0%
Nie znaleziono quizów pasujących do podanych kryteriów
Rozkład punktacji
Procent ludzi z każdym wynikiem
Percentyl według liczby udzielonych odpowiedzi
Twoja historia wyników
Nie rozwiązałeś tego quizu